000 00608cab a2200205 4500
001 WB2324-06
008 090401t1987 xxu||||| |||| 00| 0 eng d
035 _a(Sirsi) u19494
041 _aeng
245 _aDoubt over safety of asbestos substitutes
260 _c1987
350 _a0
490 _aBuilding
_vvol 252 no 25, 19/6/87 p53
520 _aResearch undertaken at Pittsburgh University suggests a link between a number of asbestos substitute products and lung cancer .
650 _aHEALTH
650 _aMINERAL FIBRES
690 _aBUILT ENVIRONMENT
942 _n0
948 _c04/03/1997
999 _c13018
_d13018